| 000 | 00854cam a22002773a 4500 | ||
|---|---|---|---|
| 001 | 20205 | ||
| 003 | PGUSA | ||
| 005 | 20140828083428.0 | ||
| 008 | 061228s2006||||xxu|||||s|||||000 | eng d | ||
| 040 |
_aPGUSA _beng |
||
| 042 | _adc | ||
| 050 | 4 | _aF1401 | |
| 050 | 4 | _aPM | |
| 245 | 1 | 4 |
_aThe Maya Chronicles : _bBrinton's Library Of Aboriginal American Literature, Number 1 _h[electronic resource] |
| 260 |
_bProject Gutenberg, _c2006 |
||
| 506 | _aPublic domain in the USA. | ||
| 516 | _aElectronic text | ||
| 653 | _aMaya language -- Glossaries, vocabularies, etc. | ||
| 653 | _aMayas -- History | ||
| 653 | _aMayas -- Antiquities | ||
| 653 | _aMaya language -- Texts | ||
| 700 | 1 |
_aBrinton, Daniel G. _q(Daniel Garrison), _d1837-1899 |
|
| 830 | 0 |
_aProject Gutenberg _v20205 |
|
| 856 | 4 | 0 | _uhttp://www.gutenberg.org/ebooks/20205 |
| 942 | _cEB | ||
| 999 |
_c249460 _d249460 |
||